Estrategias y recursos para la integración del patrimonio y los museos en la educación formal
محفوظ في:
| المؤلفون الرئيسيون: | , , |
|---|---|
| التنسيق: | كتاب |
| اللغة: | الإسبانية |
| منشور في: |
Murcia
Universidad de Murcia
2016
|
| الطبعة: | 1a. ed |
| الموضوعات: | |
| الوسوم: |
إضافة وسم
لا توجد وسوم, كن أول من يضع وسما على هذه التسجيلة!
|
MARC
| LEADER | 00000cam a2200000 a 4500 | ||
|---|---|---|---|
| 001 | UCC9307 | ||
| 003 | CL-VaPUC | ||
| 008 | 190914e20160000sp |||||||||||||||||spa|d | ||
| 020 | |a 9788461750429 | ||
| 082 | 0 | 4 | |a 371.384 |b ARI |2 21 |
| 100 | 0 | |a Arias Ferrer, Laura |e author |9 604300 | |
| 700 | 0 | |a Ponce Gea, Ana Isabel |e author |9 604301 | |
| 700 | 0 | |a Verdú González, David |e author |9 604302 | |
| 245 | 1 | 0 | |a Estrategias y recursos para la integración del patrimonio y los museos en la educación formal |
| 250 | |a 1a. ed | ||
| 300 | |a 302 p | ||
| 942 | |c BK | ||
| 945 | |d 20190914 23:07:00 |a dcastane | ||
| 260 | |a Murcia |b Universidad de Murcia |c 2016 | ||
| 650 | 7 | |a MUSEOLOGIA |2 CL-VaPUC |9 449670 | |
| 650 | 0 | |a Patrimonio cultural |9 309364 | |
| 650 | 0 | |a Enseñanza de la historia |9 307330 | |
| 583 | |a last modification |c 20190914 23:07:00 |k Rodrigo Vera | ||
| 999 | |c 375493 |d 375491 | ||
| 952 | |0 0 |1 0 |3 erb |4 0 |6 371_384000000000000_ARI_2016 |7 0 |8 A |9 494482 |a BIBHIS |b BIBHIS |i 5601428 |l 5 |m 1 |o 371.384 ARI 2016 |p 5601428 |r 2025-01-20 |s 2024-10-01 |w 2019-11-24 |y BK |z Catalogado en:20190914 |k HIS | ||